000 00486nam a2200181Ia 4500
005 20250326124256.0
008 250326s9999 xx 000 0 und d
037 _aTextbook
040 _aFMSL
_beng
_cFMSL
041 _aeng
_2eng
084 _aX:513:f J6
_qFMSL
100 _aDunn W
_9737136
245 0 _aAdvertising copy and communication
_cDunn W
260 _aNY
_bNY, McGraw-Hill
_c1956
300 _a543p
942 _cTB
_hX:513:f J6
999 _c1273052
_d1273052